000 00465cam a2200193 4500
001 D8012
008 090401t1983 xxu||||| |||| 00| 0 eng d
035 _a(Sirsi) u10751
041 _aeng
050 _a658.404
100 _aCleland, David I
245 _aProject management handbook
260 _aNew York
_bVan Nostrand Reinhold Co
_c1983
300 _aix. 725p. 24cm
350 _a41.85
700 _aKing, William R
942 _n0
948 _c04/03/1997
999 _c86770
_d86770